000 00580nam a2200229Ia 4500
003 OSt
005 20220928104116.0
006 a|||||r|||| 00| 0
007 ta
008 220927b |||||||| |||| 00| 0 eng d
024 _a62112
037 _cTextual
040 _aSDCL
_cSDCL
_beng
041 _2eng
_aeng
082 _aDelta:36, M2
100 _aJohnson Willard
_9408718
245 0 _aRiding the ox home
260 _aLondon
_bRider
_c1982
300 _a261p
_ccm.
942 _hDelta:36, M2
_cTEXL
_2CC
999 _c724240
_d724240